Sports Quiz

Random Sports or NHL Quiz

NHL top scorers/team lineup since 2013 - Metropolitan Quiz Stats

 Plays Quiz not verified by Sporcle

Challenge
Share
Tweet
Embed
Score 0/160 Timer 20:00
0 Plays Today
Team Player % Correct
New York RangersMarc Staal
97.7%
Carolina HurricanesEric Staal
97.7%
Carolina HurricanesJordan Staal
97.7%
New York IslandersJohn Tavares
94.6%
Pittsburgh PenguinsEvgeni Malkin
94.6%
Pittsburgh PenguinsSidney Crosby
94.1%
Philadelphia FlyersClaude Giroux
93.7%
Pittsburgh PenguinsMatt Murray
92.8%
Washington CapitalsAlex Ovechkin
92.8%
Columbus Blue JacketsRyan Murray
92.8%
New York RangersRick Nash
92.3%
Carolina HurricanesRiley Nash
92.3%
Carolina HurricanesJeff Skinner
92.3%
Carolina HurricanesCam Ward
92.3%
Pittsburgh PenguinsKris Letang
92.3%
Washington CapitalsJoel Ward
92.3%
Washington CapitalsNicklas Backstrom
91.9%
New York RangersHenrik Lundqvist
91.4%
Pittsburgh PenguinsPhil Kessel
91.4%
Pittsburgh PenguinsMarc-Andre Fleury
91.4%
Philadelphia FlyersJakub Voracek
91%
Columbus Blue JacketsSergei Bobrovsky
91%
Washington CapitalsBraden Holtby
90.5%
New Jersey DevilsTaylor Hall
90.1%
New Jersey DevilsCory Schneider
90.1%
Carolina HurricanesJustin Faulk
90.1%
Philadelphia FlyersWayne Simmonds
89.2%
Washington CapitalsEvgeny Kuznetsov
89.2%
Washington CapitalsJohn Carlson
87.8%
New York IslandersJaroslav Halak
87.4%
Columbus Blue JacketsSeth Jones
87.4%
New York RangersMats Zuccarello
86.9%
Columbus Blue JacketsCam Atkinson
85.1%
Columbus Blue JacketsNick Foligno
84.7%
Washington CapitalsMike Green
84.7%
Philadelphia FlyersSteve Mason
84.2%
New Jersey DevilsTravis Zajac
83.8%
New York RangersRyan McDonagh
83.8%
New York IslandersAnders Lee
83.3%
Carolina HurricanesSebastian Aho
83.3%
New York IslandersThomas Greiss
82%
Columbus Blue JacketsJack Johnson
82%
Philadelphia FlyersShayne Gostisbehere
81.5%
Washington CapitalsT.J. Oshie
81.5%
New York IslandersNick Leddy
81.1%
New Jersey DevilsKeith Kinkaid
80.2%
Washington CapitalsPhilipp Grubauer
80.2%
New York IslandersJosh Bailey
79.7%
Philadelphia FlyersSean Couturier
79.3%
Pittsburgh PenguinsPatric Hornqvist
79.3%
Columbus Blue JacketsArtemi Panarin
78.8%
New York RangersDerek Stepan
78.4%
Washington CapitalsBrooks Orpik
77.9%
New Jersey DevilsAdam Henrique
77.5%
Team Player % Correct
Columbus Blue JacketsZach Werenski
77.5%
Washington CapitalsJustin Williams
77.5%
New York IslandersKyle Okposo
76.6%
Pittsburgh PenguinsMatt Niskanen
76.6%
Washington CapitalsMatt Niskanen
76.6%
Pittsburgh PenguinsChris Kunitz
75.7%
Pittsburgh PenguinsConor Sheary
75.7%
New Jersey DevilsKyle Palmieri
75.2%
New York IslandersJohnny Boychuk
74.8%
New York IslandersMathew Barzal
74.3%
New York RangersDan Girardi
73.9%
New York RangersChris Kreider
73.4%
Columbus Blue JacketsBrandon Dubinsky
73.4%
Pittsburgh PenguinsJake Guentzel
73%
New Jersey DevilsAndy Greene
71.2%
Carolina HurricanesTeuvo Teravainen
71.2%
New York RangersCam Talbot
70.7%
New Jersey DevilsPatrik Elias
69.4%
Carolina HurricanesElias Lindholm
69.4%
Philadelphia FlyersIvan Provorov
69.4%
Washington CapitalsTom Wilson
68.9%
New York RangersCarl Hagelin
68.5%
Carolina HurricanesNoah Hanifin
68.5%
Pittsburgh PenguinsCarl Hagelin
68.5%
Columbus Blue JacketsRyan Johansen
68.5%
Washington CapitalsDmitry Orlov
68.5%
Pittsburgh PenguinsJustin Schultz
68%
Carolina HurricanesAlexander Semin
67.6%
New York RangersDerick Brassard
67.1%
New Jersey DevilsNico Hischier
66.7%
Philadelphia FlyersBrayden Schenn
66.7%
Philadelphia FlyersMichal Neuvirth
66.7%
Pittsburgh PenguinsOlli Maatta
66.2%
New York RangersMika Zibanejad
65.8%
Columbus Blue JacketsJoonas Korpisalo
65.8%
Columbus Blue JacketsBoone Jenner
65.3%
Washington CapitalsAndre Burakovsky
65.3%
Carolina HurricanesVictor Rask
64.9%
New York RangersJ.T. Miller
64.4%
Columbus Blue JacketsAlexander Wennberg
64.4%
Philadelphia FlyersMark Streit
63.1%
Pittsburgh PenguinsPaul Martin
63.1%
Carolina HurricanesJaccob Slavin
61.7%
Philadelphia FlyersScott Hartnell
61.7%
Columbus Blue JacketsScott Hartnell
61.7%
Pittsburgh PenguinsJames Neal
60.8%
New York IslandersCalvin de Haan
60.4%
Columbus Blue JacketsBrandon Saad
59.9%
New York IslandersBrock Nelson
59.5%
Pittsburgh PenguinsBryan Rust
59.5%
New York RangersKevin Hayes
59%
Washington CapitalsMarcus Johansson
59%
Philadelphia FlyersMatt Read
57.7%
Carolina HurricanesAnton Khudobin
57.2%
Team Player % Correct
New York IslandersCal Clutterbuck
56.8%
Philadelphia FlyersAndrew MacDonald
56.3%
Columbus Blue JacketsDavid Savard
56.3%
New York IslandersFrans Nielsen
55.4%
Pittsburgh PenguinsPascal Dupuis
55.4%
New York IslandersTravis Hamonic
54.1%
Carolina HurricanesBrett Pesce
53.2%
Washington CapitalsKarl Alzner
52.3%
Washington CapitalsJay Beagle
51.4%
New Jersey DevilsDamon Severson
50.9%
Pittsburgh PenguinsIan Cole
50.9%
New York RangersBrady Skjei
50%
Philadelphia FlyersKimmo Timonen
49.5%
New Jersey DevilsAdam Larsson
48.2%
Philadelphia FlyersTravis Konecny
47.7%
New Jersey DevilsJaromir Jagr
47.3%
Columbus Blue JacketsMatt Calvert
46.8%
New York IslandersCasey Cizikas
45.5%
New York IslandersMichael Grabner
44.6%
New York RangersMichael Grabner
44.6%
New York IslandersRyan Strome
44.1%
New Jersey DevilsJohn Moore
43.2%
Philadelphia FlyersMichael Del Zotto
42.8%
New York RangersBrad Richards
41.9%
New Jersey DevilsMike Cammalleri
40.5%
New York IslandersThomas Hickey
39.6%
Carolina HurricanesRon Hainsey
39.2%
New Jersey DevilsMiles Wood
37.8%
Washington CapitalsJason Chimera
36.9%
Philadelphia FlyersMichael Raffl
36.5%
New York RangersJesper Fast
36%
Columbus Blue JacketsJames Wisniewski
36%
Columbus Blue JacketsArtem Anisimov
35.1%
New York IslandersNikolai Kulemin
34.2%
Pittsburgh PenguinsBrandon Sutter
33.8%
New Jersey DevilsPavel Zacha
31.1%
New Jersey DevilsMarek Zidlicky
30.6%
Washington CapitalsTroy Brouwer
30.6%
New York RangersKevin Klein
30.2%
Carolina HurricanesJiri Tlusty
29.7%
Carolina HurricanesAndrej Sekera
26.6%
New York RangersKeith Yandle
26.1%
New York IslandersLubomir Visnovsky
24.8%
Carolina HurricanesDerek Ryan
23.4%
Philadelphia FlyersScott Laughton
21.6%
New Jersey DevilsEric Gelinas
18.5%
Columbus Blue JacketsMark Letestu
18.5%
Philadelphia FlyersVincent Lecavalier
17.6%
New Jersey DevilsMichael Ryder
14%
New Jersey DevilsSteve Bernier
13.5%
Carolina HurricanesNathan Gerbe
12.6%
Philadelphia FlyersChris VandeVelde
11.3%

You're not logged in!

Compare scores with friends on all Sporcle quizzes.
OR
Log In

You Might Also Like...

Show Comments

Extras

Top Quizzes Today


Score Distribution

Your Account Isn't Verified!

In order to create a playlist on Sporcle, you need to verify the email address you used during registration. Go to your Sporcle Settings to finish the process.

Report this User

Report this user for behavior that violates our Community Guidelines.

Details: